[Event "11th Asia-ch - Manny Pacquiao Cup"]
[Site "Manila PHI"]
[Date "2013.05.23"]
[Round "6"]
[White "Nava, Roderick"]
[Black "Wang Chen"]
[Result "1/2-1/2"]
[WhiteElo "2362"]
[BlackElo "2498"]
[EventDate "2013.05.18"]
[PlyCount "44"]

1.d4 d5 2.c4 e6 3.Nf3 Nf6 4.Nc3 Nbd7 5.Bf4 dxc4 6.e3 b5 7.Nxb5 Nd5 8.Nc3 
Nxf4 9.exf4 Rb8 10.Rb1 Qf6 11.g3 c5 12.Bxc4 cxd4 13.Qxd4 Qxd4 14.Nxd4 Bc5 
15.Nb3 Bb4 16.O-O O-O 17.Rfd1 Nb6 18.Bf1 Bb7 19.Bg2 Bxc3 20.bxc3 Bxg2 21.
Kxg2 Rbc8 22.Rbc1 Rc6 1/2-1/2

[Event "11th Asia-ch - Manny Pacquiao Cup"]
[Site "Manila PHI"]
[Date "2013.05.23"]
[Round "6"]
[White "Negi, Parimarjan"]
[Black "Docena, Jerad"]
[Result "1/2-1/2"]
[WhiteElo "2651"]
[BlackElo "2055"]
[EventDate "2013.05.18"]
[PlyCount "92"]

1.e4 c5 2.Nf3 d6 3.Bb5+ Nc6 4.O-O Bd7 5.Re1 a6 6.Bf1 Nf6 7.c3 Bg4 8.h3 Bh5
9.d4 Bxf3 10.gxf3 e5 11.dxc5 dxc5 12.Qxd8+ Rxd8 13.a4 Nh5 14.Na3 Na5 15.
Be3 Be7 16.Rad1 O-O 17.Rd5 Rxd5 18.exd5 Rd8 19.Rd1 Nf4 20.Bxf4 exf4 21.Nc2
Bd6 22.Na3 Be7 23.Bc4 Rd6 24.Kf1 Rb6 25.Rb1 Kf8 26.Ke2 Ke8 27.Ba2 Kd7 28.
Kd3 c4+ 29.Nxc4 Nxc4 30.Bxc4 Bc5 31.Ke2 Rh6 32.a5 Rxh3 33.b4 Ba7 34.b5 
axb5 35.Rxb5 Kc7 36.d6+ Kxd6 37.Rxb7 Bc5 38.a6 Rh2 39.a7 Rxf2+ 40.Ke1 Bxa7
41.Rxa7 Rxf3 42.Kd2 Rf2+ 43.Kd3 g5 44.Ra6+ Kc7 45.Ra7+ Kd6 46.Ra6+ Kc7 
1/2-1/2

[Event "11th Asia-ch - Manny Pacquiao Cup"]
[Site "Manila PHI"]
[Date "2013.05.23"]
[Round "6"]
[White "Dimakiling, Oliver"]
[Black "Ghaem Maghami, Ehsan"]
[Result "0-1"]
[WhiteElo "2384"]
[BlackElo "2568"]
[EventDate "2013.05.18"]
[PlyCount "128"]

1.e4 c5 2.Nf3 d6 3.g3 Nf6 4.Qe2 Nc6 5.c3 g6 6.Bg2 Bg7 7.O-O e5 8.h3 O-O 9.
d3 h6 10.a3 Be6 11.b4 Qd7 12.Kh2 b5 13.Be3 cxb4 14.axb4 d5 15.Na3 a6 16.
Bc5 Rfd8 17.Rfd1 Qc7 18.Nd2 Rac8 19.Rdc1 dxe4 20.Nxe4 Nxe4 21.dxe4 Bf8 22.
Bxf8 Kxf8 23.Nc2 Nb8 24.Ne3 Kg7 25.h4 h5 26.Ra3 Bc4 27.Qe1 Rd6 28.Bf1 Be6 
29.Be2 Nd7 30.Rc2 Qb7 31.Qa1 Kg8 32.Bf3 Bc4 33.Rc1 Nf6 34.Rd1 Bd3 35.c4 
bxc4 36.Nxc4 Rxc4 37.Rdxd3 Rxd3 38.Rxd3 Rc2 39.Qxe5 Qb6 40.Qd4 Rxf2+ 41.
Bg2 Ng4+ 42.Kg1 Qxd4 43.Rxd4 Rb2 44.Bh3 Ne5 45.Kf1 Nc6 46.Rd6 Nxb4 47.e5 
a5 48.e6 fxe6 49.Bxe6+ Kg7 50.Bc4 Rc2 51.Bb5 Rc5 52.Rd7+ Kf6 53.Rd6+ Ke7 
54.Rb6 Nd5 55.Rb7+ Rc7 56.Rxc7+ Nxc7 57.Bc4 a4 58.g4 hxg4 59.Kf2 Ne8 60.
Ke3 Kd6 61.Kd4 Ng7 62.Ke4 Nf5 63.h5 gxh5 64.Kxf5 g3 0-1

[Event "11th Asia-ch - Manny Pacquiao Cup"]
[Site "Manila PHI"]
[Date "2013.05.23"]
[Round "6"]
[White "Nguyen Djuc Hoa"]
[Black "Nouri, Hamed"]
[Result "0-1"]
[WhiteElo "2503"]
[BlackElo "2368"]
[EventDate "2013.05.18"]
[PlyCount "79"]

1.d4 Nf6 2.c4 g6 3.Nc3 Bg7 4.e4 d6 5.Nf3 O-O 6.Be2 e5 7.O-O Nc6 8.d5 Ne7 
9.b4 Nh5 10.g3 f5 11.Ng5 Nf6 12.Bf3 c6 13.b5 cxd5 14.cxd5 fxe4 15.Ngxe4 
Nxe4 16.Nxe4 Bh3 17.Bg2 Bxg2 18.Kxg2 Qd7 19.Qd3 Nf5 20.Be3 Bh6 21.Rac1 
Bxe3 22.fxe3 Rac8 23.Rce1 h5 24.Ng5 Qc7 25.Rc1 Qxc1 26.Rxc1 Rxc1 27.Qa3 
Rfc8 28.Qxa7 Nh6 29.Qxb7 R1c7 30.Qb6 Rc2+ 31.Kf3 Nf5 32.Ne6 R2c3 33.a4 
Rxe3+ 34.Qxe3 Nxe3 35.Kxe3 Ra8 36.Kd3 Rxa4 37.Kc3 e4 38.Nc7 Ra2 39.Ne8 e3 
40.Nxd6 0-1

[Event "11th Asia-ch - Manny Pacquiao Cup"]
[Site "Manila PHI"]
[Date "2013.05.23"]
[Round "6"]
[White "Bersamina, Paulo"]
[Black "Das, Debashis"]
[Result "0-1"]
[WhiteElo "2283"]
[BlackElo "2488"]
[EventDate "2013.05.18"]
[PlyCount "90"]

1.e4 c5 2.Nf3 e6 3.d4 cxd4 4.Nxd4 a6 5.Nc3 Qc7 6.Be3 Nf6 7.f3 Bb4 8.Ne2 
Nc6 9.a3 Be7 10.g4 h6 11.Bg2 Ne5 12.b3 b5 13.h3 b4 14.Na4 Bb7 15.axb4 
Bxb4+ 16.c3 Be7 17.O-O Ng6 18.Bb6 Qb8 19.Bf2 a5 20.Nb6 Ra6 21.Nc4 Qc7 22.
Bg3 d6 23.Nd2 O-O 24.f4 Bd8 25.Kh2 Qe7 26.c4 Bb6 27.Nc3 Bd4 28.Rc1 Bc6 29.
Qe2 Rb6 30.h4 Rfb8 31.g5 hxg5 32.hxg5 Nd7 33.Qd3 e5 34.f5 Qxg5 35.fxg6 Nf6
36.Bh3 Rxb3 37.Nxb3 Rxb3 38.c5 Qxg6 39.Bf2 Nxe4 40.Be1 Rb2+ 41.Rc2 Rxc2+ 
42.Qxc2 Bxc3 43.Qg2 Bxe1 44.Rxe1 Qh6 45.Rxe4 dxc5 0-1

[Event "11th Asia-ch - Manny Pacquiao Cup"]
[Site "Manila PHI"]
[Date "2013.05.23"]
[Round "6"]
[White "Ervan, Mohamad"]
[Black "Kuderinov, Kirill"]
[Result "0-1"]
[WhiteElo "2162"]
[BlackElo "2442"]
[EventDate "2013.05.18"]
[PlyCount "114"]

1.e4 e5 2.Nf3 Nc6 3.Bb5 a6 4.Ba4 Nf6 5.O-O b5 6.Bb3 Be7 7.Re1 d6 8.c3 O-O 
9.h3 Na5 10.Bc2 c5 11.d4 Bb7 12.Nbd2 cxd4 13.cxd4 exd4 14.Nxd4 Re8 15.Nf1 
Bf8 16.Ng3 g6 17.Bd2 Nc4 18.Bc3 d5 19.e5 Ne4 20.Nxe4 dxe4 21.Bxe4 Bxe4 22.
Rxe4 Qd5 23.f3 b4 24.Nb3 Qxd1+ 25.Rxd1 bxc3 26.Rxc4 cxb2 27.Rb1 Rxe5 28.
Rxb2 a5 29.Rbc2 Rd8 30.Kf2 Bb4 31.Re2 Red5 32.Rec2 Kg7 33.Ke3 Rd1 34.Rd4 
Re8+ 35.Kf2 Rh1 36.Nd2 Rd1 37.Nb3 Rde1 38.Nc1 Rh1 39.Re4 Rd8 40.Nb3 Rdd1 
41.Rec4 Rde1 42.Nc5 Rhf1+ 43.Kg3 Re5 44.Nd3 Rg5+ 45.Kf4 Be7 46.Rc7 Rxg2 
47.Rxg2 Bd6+ 48.Ke4 Bxc7 49.Rc2 Bb6 50.Rb2 Bg1 51.Rb7 Kf6 52.f4 Ke6 53.Nb2
f5+ 54.Kd3 Rxf4 55.Rxh7 Rf3+ 56.Kc2 Ra3 57.Rc7 Rxh3 0-1

[Event "11th Asia-ch - Manny Pacquiao Cup"]
[Site "Manila PHI"]
[Date "2013.05.23"]
[Round "6"]
[White "Mu Ke"]
[Black "Gombosuren, Munkhgal"]
[Result "1-0"]
[WhiteElo "2297"]
[BlackElo "2427"]
[EventDate "2013.05.18"]
[PlyCount "127"]

1.c4 e5 2.Nc3 Nf6 3.Nf3 Nc6 4.g3 d5 5.cxd5 Nxd5 6.Bg2 Nb6 7.O-O Be7 8.a3 
Be6 9.b4 a5 10.b5 Nd4 11.Rb1 f6 12.Nh4 g5 13.e3 gxh4 14.exd4 hxg3 15.hxg3 
Qxd4 16.Bxb7 O-O 17.Bb2 Qd8 18.d3 Rb8 19.Bc6 Bc5 20.Ne4 Bd4 21.Qc2 Rf7 22.
Bc3 f5 23.Bxd4 exd4 24.Nc5 Bd5 25.Rfe1 Bxc6 26.Ne6 Qd5 27.Qxc6 Rd7 28.Qxd5
Nxd5 29.Nxd4 f4 30.Rbc1 fxg3 31.fxg3 Nf6 32.Rc4 Rbd8 33.Nc6 Rf8 34.Re3 h5 
35.Rf4 a4 36.Rxa4 Ng4 37.Ne5 Nxe3 38.Nxd7 Rf1+ 39.Kh2 Rb1 40.Nf6+ Kf7 41.
Nxh5 Rxb5 42.Nf4 Kf6 43.Kh3 Rb1 44.Ra6+ Kf7 45.Kh4 Rb8 46.Rc6 Rh8+ 47.Nh5 
Nd5 48.g4 Ra8 49.Rc5 Ke6 50.d4 Kd6 51.Ng7 c6 52.Nf5+ Kd7 53.g5 Rxa3 54.g6 
Nf6 55.Re5 Rf3 56.Kg5 Ng8 57.g7 Rf1 58.Kg6 Rf2 59.Re3 Rf1 60.Ng3 Rf4 61.
Nh5 Rh4 62.Nf6+ Nxf6 63.Kxf6 Rg4 64.Re5 1-0

[Event "11th Asia-ch - Manny Pacquiao Cup"]
[Site "Manila PHI"]
[Date "2013.05.23"]
[Round "6"]
[White "Luthfi Ali, Muhammad"]
[Black "Garcia, Jan Emmanuel"]
[Result "1-0"]
[WhiteElo "2246"]
[BlackElo "2401"]
[EventDate "2013.05.18"]
[PlyCount "39"]

1.e4 c5 2.Nf3 g6 3.d4 Bg7 4.Nc3 cxd4 5.Nxd4 Nc6 6.Be3 Nf6 7.Bc4 O-O 8.Bb3 
a5 9.f3 d5 10.exd5 Nb4 11.Nde2 Bf5 12.a4 Ra6 13.O-O Rd6 14.Bc5 Nfxd5 15.
Nxd5 Nxd5 16.Bxd6 Ne3 17.Qc1 Qb6 18.Bc7 Qc5 19.Rf2 e5 20.Bd6 1-0

[Event "11th Asia-ch - Manny Pacquiao Cup"]
[Site "Manila PHI"]
[Date "2013.05.23"]
[Round "6"]
[White "Pascua, Haridas"]
[Black "Bancod, Ronald"]
[Result "1/2-1/2"]
[WhiteElo "2413"]
[BlackElo "2290"]
[EventDate "2013.05.18"]
[PlyCount "92"]

1.d4 Nf6 2.c4 g6 3.Nc3 Bg7 4.e4 d6 5.f4 O-O 6.Nf3 c5 7.d5 b5 8.cxb5 a6 9.
a4 Nbd7 10.Bd3 axb5 11.Nxb5 Ba6 12.Qe2 Qb6 13.Bc4 e6 14.dxe6 fxe6 15.Bxe6+
Kh8 16.Ra3 Rfe8 17.f5 Nf8 18.Ng5 Nxe6 19.fxe6 Bxb5 20.Qxb5 Qxb5 21.axb5 
Kg8 22.e5 dxe5 23.O-O Rab8 24.Ra5 h6 25.Nf7 Rxe6 26.Nxh6+ Kh7 27.Nf7 Kg8 
28.Ng5 Reb6 29.Ra6 Rxa6 30.bxa6 Ra8 31.Be3 Rxa6 32.Bxc5 Bh6 33.Nf3 Ne4 34.
Bf2 Nxf2 35.Kxf2 e4 36.Ne5 Rb6 37.Rb1 Bg7 38.Nc4 Rb3 39.Ke2 Kf7 40.Nd6+ 
Ke6 41.Nxe4 Rxb2+ 42.Rxb2 Bxb2 43.Kf3 Bc1 44.Kg4 Be3 45.Ng5+ Kf6 46.Ne4+ 
Ke6 1/2-1/2

[Event "11th Asia-ch - Manny Pacquiao Cup"]
[Site "Manila PHI"]
[Date "2013.05.23"]
[Round "6"]
[White "Gundavaa, Bayarsaihan"]
[Black "Rudin, Hamdani"]
[Result "1-0"]
[WhiteElo "2528"]
[BlackElo "2341"]
[EventDate "2013.05.18"]
[PlyCount "49"]

1.e4 c5 2.Nf3 Nc6 3.Bb5 g6 4.Bxc6 bxc6 5.d4 cxd4 6.Qxd4 Nf6 7.e5 Nd5 8.c4 
Nc7 9.Nc3 Bg7 10.Qh4 h6 11.O-O Ne6 12.Re1 Rb8 13.b3 d6 14.Bb2 dxe5 15.Nxe5
Qc7 16.Qg3 g5 17.Nxc6 Qxg3 18.hxg3 Rb7 19.Rad1 O-O 20.Rd2 Re8 21.Nd5 f6 
22.Ndxe7+ Kf7 23.Nxc8 Rxc8 24.Rd6 Rb6 25.Rexe6 1-0

[Event "11th Asia-ch - Manny Pacquiao Cup"]
[Site "Manila PHI"]
[Date "2013.05.23"]
[Round "6"]
[White "Garma, Chito"]
[Black "Tran Tuan Minh"]
[Result "1-0"]
[WhiteElo "2318"]
[BlackElo "2399"]
[EventDate "2013.05.18"]
[PlyCount "83"]

1.e4 e6 2.d4 d5 3.Nd2 Nf6 4.e5 Nfd7 5.Bd3 c5 6.c3 Nc6 7.Ne2 Qb6 8.Nf3 h6 
9.O-O g5 10.h3 Rg8 11.g4 Be7 12.a4 c4 13.Bh7 Rg7 14.Bc2 Nf8 15.Ng3 Bd7 16.
Nh5 Rg8 17.Rb1 O-O-O 18.b3 cxb3 19.Rxb3 Qc7 20.Ba3 Ng6 21.Bxe7 Ncxe7 22.
Qd2 Bxa4 23.Ra3 Bxc2 24.Rxa7 Be4 25.Ra8+ Kd7 26.Nf6+ Kc6 27.c4 Rxa8 28.
cxd5+ Kb6 29.Rc1 Nc6 30.dxc6 Bxc6 31.d5 Ra5 32.dxc6 Rd8 33.Rb1+ Ka6 34.Nd4
b5 35.Nd7 Nxe5 36.Qe2 Nxc6 37.Nc5+ Ka7 38.Nxb5+ Rxb5 39.Rxb5 Na5 40.Qe1 
Nc6 41.Qa1+ Na5 42.Rxa5+ 1-0

[Event "11th Asia-ch - Manny Pacquiao Cup"]
[Site "Manila PHI"]
[Date "2013.05.23"]
[Round "6"]
[White "Dela Cruz, Noel"]
[Black "Nadera, Barlo"]
[Result "1/2-1/2"]
[WhiteElo "2331"]
[BlackElo "2388"]
[EventDate "2013.05.18"]
[PlyCount "62"]

1.e4 e6 2.d4 d5 3.Nd2 a6 4.Ngf3 Nf6 5.exd5 exd5 6.Bd3 Bd6 7.O-O O-O 8.h3 
h6 9.Re1 c5 10.dxc5 Bxc5 11.Nb3 Bb6 12.Be3 Nc6 13.c3 Bxe3 14.Rxe3 Qd6 15.
Bc2 Be6 16.Qd3 Rad8 17.Rd1 Rfe8 18.Nbd4 Bc8 19.Rde1 Rxe3 20.Rxe3 Kf8 21.
Qe2 Re8 22.Rxe8+ Nxe8 23.Qe3 Nxd4 24.Nxd4 Nf6 25.Nb3 b6 26.Nd4 Bd7 27.Bd3 
a5 28.a3 Ng8 29.Bf1 Ne7 30.Bd3 Nc8 31.Bf1 Ne7 1/2-1/2

[Event "11th Asia-ch - Manny Pacquiao Cup"]
[Site "Manila PHI"]
[Date "2013.05.23"]
[Round "6"]
[White "Donguines, Fernie"]
[Black "Emperado, Emmanuel"]
[Result "1-0"]
[WhiteElo "2372"]
[BlackElo "2313"]
[EventDate "2013.05.18"]
[PlyCount "57"]

1.d4 Nf6 2.Nc3 d5 3.Bg5 c5 4.Nf3 Nc6 5.e3 Bf5 6.dxc5 e6 7.Nd4 Bg6 8.Bb5 
Qc8 9.b4 Be7 10.O-O O-O 11.a3 e5 12.Nde2 e4 13.Bxf6 Bxf6 14.Qxd5 Rd8 15.
Qb3 Ne5 16.Nf4 Qg4 17.Be2 Qg5 18.Kh1 Re8 19.Rad1 Bf5 20.Nb5 Bg4 21.f3 exf3
22.gxf3 Bd7 23.Nc7 Bc6 24.b5 Ng4 25.Nxe8 Rxe8 26.bxc6 Nxe3 27.Rd7 Kh8 28.
Qxf7 Rg8 29.c7 1-0

[Event "11th Asia-ch - Manny Pacquiao Cup"]
[Site "Manila PHI"]
[Date "2013.05.23"]
[Round "6"]
[White "Bai Jinshi"]
[Black "Mariano, Nelson"]
[Result "1-0"]
[WhiteElo "2369"]
[BlackElo "2282"]
[EventDate "2013.05.18"]
[PlyCount "85"]

1.d4 Nf6 2.Nf3 g6 3.c4 Bg7 4.Nc3 O-O 5.e4 d6 6.Be2 e5 7.O-O exd4 8.Nxd4 
Re8 9.f3 Nc6 10.Nc2 Nh5 11.g4 Be5 12.Rf2 Nf4 13.Bf1 Ne7 14.Be3 c5 15.Qd2 
g5 16.Rd1 Be6 17.h4 Nc6 18.Ne2 Bxc4 19.Nxf4 gxf4 20.Bxf4 Bxf1 21.Rdxf1 Nd4
22.Bg5 Qb6 23.Ne3 Qb4 24.Qd1 Ne6 25.Nd5 Qd4 26.Bd2 Bg3 27.Qc1 Bxf2+ 28.
Rxf2 Qe5 29.Kg2 Rac8 30.h5 f6 31.Qb1 Nd4 32.Qd3 Kf7 33.Ne3 b5 34.a3 Rg8 
35.Kh3 a5 36.Bxa5 Ne6 37.Nd5 c4 38.Qe3 Qd4 39.Qh6 Ng5+ 40.Kg2 c3 41.Bxc3 
Rxc3 42.bxc3 Qe5 43.Re2 1-0

[Event "11th Asia-ch - Manny Pacquiao Cup"]
[Site "Manila PHI"]
[Date "2013.05.23"]
[Round "6"]
[White "Senador, Emmanuel"]
[Black "Masruri, Rahman"]
[Result "1-0"]
[WhiteElo "2343"]
[BlackElo "2165"]
[EventDate "2013.05.18"]
[PlyCount "86"]

1.e4 e6 2.d3 d5 3.Nd2 Nf6 4.Ngf3 Nc6 5.g3 dxe4 6.dxe4 Bc5 7.Bg2 O-O 8.O-O 
e5 9.c3 a5 10.h3 b6 11.Qa4 Bb7 12.Rd1 Qe8 13.Nb3 Bd6 14.Nh4 Ba6 15.Bf1 
Bxf1 16.Kxf1 Ne7 17.Qxe8 Rfxe8 18.Nd2 a4 19.f3 b5 20.Ke2 Reb8 21.Nf1 b4 
22.Ne3 Ra6 23.Nhf5 Nxf5 24.Nxf5 g6 25.Nxd6 cxd6 26.Bd2 d5 27.exd5 Nxd5 28.
cxb4 Nxb4 29.Bc3 a3 30.b3 Rc6 31.Bxb4 Rxb4 32.Rac1 Rbb6 33.Rxc6 Rxc6 34.
Rd8+ Kg7 35.Kd2 Rf6 36.Ke3 Rc6 37.Kd3 Rc1 38.Ra8 Rf1 39.Ke3 Re1+ 40.Kf2 
Rh1 41.Rxa3 Rxh3 42.Kg2 Rh5 43.b4 Rg5 1-0

[Event "11th Asia-ch - Manny Pacquiao Cup"]
[Site "Manila PHI"]
[Date "2013.05.23"]
[Round "6"]
[White "Bilguun, Sumiya"]
[Black "Nguyen Van Huy"]
[Result "1/2-1/2"]
[WhiteElo "2269"]
[BlackElo "2443"]
[EventDate "2013.05.18"]
[PlyCount "114"]

1.e4 c6 2.d4 d5 3.Nd2 dxe4 4.Nxe4 Bf5 5.Ng3 Bg6 6.h4 h6 7.Nf3 Nf6 8.h5 Bh7
9.Bd3 Bxd3 10.Qxd3 e6 11.Bd2 c5 12.O-O-O Nc6 13.Rhe1 cxd4 14.Nf5 Qd5 15.
N3xd4 O-O-O 16.Nxc6 Qxd3 17.Nxa7+ Kb8 18.cxd3 Kxa7 19.Ng3 Bc5 20.Be3 Rd5 
21.Kb1 Bxe3 22.Rxe3 Rhd8 23.Rc1 Kb8 24.Ne4 Nxh5 25.Rf3 f5 26.Nc5 R8d6 27.
Re3 Nf4 28.Rc3 b6 29.Na6+ Kb7 30.Nb4 Rd4 31.a3 Nxg2 32.Rg3 Rg4 33.Rxg4 
fxg4 34.Rc4 h5 35.Re4 Nh4 36.Kc2 Nf5 37.Kc3 g3 38.fxg3 Nxg3 39.Re5 Nf5 40.
d4 g6 41.d5 exd5 42.Nxd5 Kc6 43.Nf4 Nh4 44.a4 Rf6 45.Nxh5 gxh5 46.Rxh5 
Rf3+ 47.Kb4 Nf5 48.Rg5 Nd6 49.Rg6 Rd3 50.Rg4 Rf3 51.Rg6 Rf4+ 52.Ka3 Kc7 
53.b3 Nb7 54.Rg7+ Kb8 55.Rg6 Ka7 56.b4 Rf3+ 57.Ka2 Rd3 1/2-1/2

[Event "11th Asia-ch - Manny Pacquiao Cup"]
[Site "Manila PHI"]
[Date "2013.05.23"]
[Round "6"]
[White "Akash, Ganesan"]
[Black "Turqueza, Mari Joseph"]
[Result "0-1"]
[WhiteElo "2397"]
[BlackElo "2280"]
[EventDate "2013.05.18"]
[PlyCount "110"]

1.e4 c5 2.Nf3 d6 3.d4 cxd4 4.Nxd4 Nf6 5.Nc3 a6 6.h3 e6 7.g4 Be7 8.Bg2 O-O 
9.Be3 Nc6 10.Qe2 Qc7 11.f4 Nxd4 12.Bxd4 e5 13.Be3 exf4 14.Bxf4 Be6 15.e5 
Nd7 16.exd6 Bxd6 17.Bxd6 Qxd6 18.Ne4 Qb6 19.O-O-O Rad8 20.b3 Qa5 21.Kb1 
Nb6 22.Rxd8 Rxd8 23.Rd1 Nd5 24.Qe1 Qxe1 25.Rxe1 Nf4 26.Bf1 a5 27.Nc5 b6 
28.Nxe6 fxe6 29.Bc4 Kf7 30.h4 Kf6 31.Rf1 e5 32.Bd3 h6 33.Kb2 g5 34.h5 Rd4 
35.Kc3 Ke7 36.Bc4 Kd6 37.a3 Kc5 38.b4+ Kd6 39.Rb1 b5 40.Bxb5 axb4+ 41.Kb3 
bxa3 42.c3 Rd2 43.Kxa3 e4 44.Re1 Ke5 45.Bc6 Ne2 46.Kb3 Ng3 47.Bb5 Kf4 48.
c4 e3 49.c5 Ne4 50.c6 Nd6 51.Ba6 Kf3 52.c7 e2 53.Kc3 Ra2 54.Bc4 Kf2 55.Rh1
Ra3+ 0-1

[Event "11th Asia-ch - Manny Pacquiao Cup"]
[Site "Manila PHI"]
[Date "2013.05.23"]
[Round "6"]
[White "Pimentel, Joel"]
[Black "Elorta, David"]
[Result "1-0"]
[WhiteElo "2194"]
[BlackElo "2348"]
[EventDate "2013.05.18"]
[PlyCount "111"]

1.d4 Nf6 2.c4 e6 3.Nf3 Bb4+ 4.Nbd2 O-O 5.e3 b6 6.Bd3 Bb7 7.Qc2 Re8 8.O-O 
Bxd2 9.Bxd2 d6 10.Rad1 Nbd7 11.Bc3 Qe7 12.b4 Nf8 13.Ng5 Ng6 14.f4 e5 15.
Bxg6 fxg6 16.d5 Ng4 17.Bd2 Bc8 18.Rde1 Bd7 19.h3 Nh6 20.e4 exf4 21.Bxf4 
Rf8 22.Qd2 a5 23.b5 Rae8 24.Rf2 Qd8 25.Ref1 Rf6 26.Be3 Rxf2 27.Qxf2 Qe7 
28.Qf4 Qe5 29.Qxe5 Rxe5 30.Bf4 Re7 31.Kf2 Nf7 32.Nxf7 Rxe4 33.Kf3 Rxc4 34.
Ng5 Bxb5 35.Rf2 c6 36.Bxd6 cxd5 37.Ke3 Rc8 38.Rb2 Bc4 39.Rxb6 Bxa2 40.Ra6 
Re8+ 41.Kf2 h6 42.Nf3 Re2+ 43.Kg1 Bb1 44.Ra8+ Kh7 45.Rxa5 Be4 46.Kf1 Rc2 
47.Be5 g5 48.Ra7 Kg6 49.g4 h5 50.Rxg7+ Kh6 51.Nxg5 hxg4 52.hxg4 Bg6 53.Ne6
Rc4 54.g5+ Kh5 55.Nf4+ Kxg5 56.Nxg6 1-0

[Event "11th Asia-ch - Manny Pacquiao Cup"]
[Site "Manila PHI"]
[Date "2013.05.23"]
[Round "6"]
[White "Liew Chee Meng, Jimmy"]
[Black "Segarra, Randy"]
[Result "1/2-1/2"]
[WhiteElo "2287"]
[BlackElo "2343"]
[EventDate "2013.05.18"]
[PlyCount "73"]

1.d4 Nf6 2.Bg5 Ne4 3.Bf4 c5 4.f3 Nf6 5.d5 Qb6 6.Bc1 e6 7.c4 exd5 8.cxd5 c4
9.e3 Bc5 10.Kf2 O-O 11.Bxc4 Re8 12.Qb3 Qd6 13.Nh3 Na6 14.Nc3 Nc7 15.g3 b5 
16.Bd3 Qe5 17.Kg2 Ncxd5 18.Nxd5 Nxd5 19.Re1 Nb4 20.Bxb5 Rb8 21.Qa4 Bb7 22.
Ng1 Qf6 23.a3 Nd5 24.e4 Nb6 25.Qd1 Rbd8 26.Rb1 a6 27.Bd3 d5 28.e5 Rxe5 29.
Rxe5 Qxe5 30.Qe2 Qxe2+ 31.Nxe2 Nc4 32.Bf4 Bb6 33.Nc3 Ne3+ 34.Bxe3 Bxe3 35.
Re1 Bc5 36.Na4 Bd6 37.b4 1/2-1/2

[Event "11th Asia-ch - Manny Pacquiao Cup"]
[Site "Manila PHI"]
[Date "2013.05.23"]
[Round "6"]
[White "Galmandakh, Badrakh"]
[Black "Nazario, Marc Christian"]
[Result "1-0"]
[WhiteElo "2212"]
[BlackElo "2023"]
[EventDate "2013.05.18"]
[PlyCount "99"]

1.c4 Nf6 2.Nc3 d6 3.g3 g6 4.Bg2 Bg7 5.Nf3 O-O 6.O-O c5 7.a3 Nc6 8.Rb1 Bf5 
9.d3 Qd7 10.Re1 a5 11.Bg5 h6 12.Bxf6 Bxf6 13.Nd5 Rad8 14.Nxf6+ exf6 15.Nh4
Ne7 16.Nxf5 Qxf5 17.b4 axb4 18.axb4 b6 19.bxc5 bxc5 20.Rb7 Rd7 21.Qb3 Rfd8
22.Ra1 Rxb7 23.Qxb7 Qd7 24.Qb6 Nc8 25.Qb2 Kg7 26.Ra5 Ne7 27.Ra6 h5 28.h4 
Qe8 29.Qb5 Kf8 30.Qb2 Kg7 31.Qb5 Kf8 32.Qb6 Kg7 33.e3 f5 34.Qb2+ Kh7 35.
Ra7 Rd7 36.Ra8 Rd8 37.Rxd8 Qxd8 38.Qf6 Kh6 39.Qxf7 Ng8 40.Bf3 Nf6 41.Kg2 
Ng4 42.Bxg4 hxg4 43.h5 gxh5 44.Qxf5 Qa8+ 45.Qd5 Qxd5+ 46.cxd5 Kg5 47.f4+ 
Kf5 48.e4+ Kf6 49.Kf2 Kf7 50.e5 1-0

[Event "11th Asia-ch - Manny Pacquiao Cup"]
[Site "Manila PHI"]
[Date "2013.05.23"]
[Round "6"]
[White "Pagente, Adelardo"]
[Black "Galindo, Joseph"]
[Result "0-1"]
[WhiteElo "1906"]
[BlackElo "2081"]
[EventDate "2013.05.18"]
[PlyCount "160"]

1.d4 Nf6 2.Nf3 e6 3.g3 b6 4.Bg2 Bb7 5.O-O Be7 6.b3 O-O 7.Bb2 d6 8.c4 Nbd7 
9.Nc3 Ne4 10.Qd3 Nxc3 11.Qxc3 f5 12.e3 Bf6 13.Qd2 Qe8 14.Nh4 Bxg2 15.Nxg2 
g5 16.Qe2 Qg6 17.Qf3 Rac8 18.Qb7 Qh5 19.f4 Nc5 20.dxc5 Bxb2 21.Rab1 Ba3 
22.cxb6 axb6 23.fxg5 Qxg5 24.Qc6 Bc5 25.Rf3 f4 26.gxf4 Rxf4 27.Rg3 Rg4 28.
Qf3 Rxg3 29.Qxg3 Qxg3 30.hxg3 d5 31.cxd5 exd5 32.Kf2 d4 33.exd4 Bxd4+ 34.
Kf3 b5 35.Rd1 c5 36.Nf4 Rc6 37.Ke4 Rh6 38.Rd2 Rh1 39.Rg2 Kf7 40.Kd5 Rh6 
41.g4 Ra6 42.Nd3 Ra8 43.Ne5+ Kg7 44.Nc6 Be3 45.Re2 Bg1 46.Ne7 Rd8+ 47.Kc6 
b4 48.Rg2 Rd1 49.Re2 Kf6 50.Nd5+ Kg5 51.Rg2 h6 52.Nc7 Rc1 53.Ne6+ Kf6 54.
Nc7 c4 55.Nd5+ Kg5 56.bxc4 Rxc4+ 57.Kd6 Bc5+ 58.Ke5 Rxg4 59.Rc2 Bf8 60.Rh2
h5 61.Ne3 Bg7+ 62.Kd5 Rg3 63.Nf1 Rd3+ 64.Ke4 Rd4+ 65.Ke3 Rg4 66.Kf3 h4 67.
Rg2 Rxg2 68.Kxg2 Kf4 69.Nd2 Ke3 70.Nc4+ Kd4 71.Na5 Kd5 72.Kh3 Bf6 73.Kg2 
Bd8 74.Nb3 Kc4 75.Nc1 Kc3 76.Ne2+ Kb2 77.Nd4 Kxa2 78.Ne2 Bg5 79.Nd4 Kb1 
80.Nf3 b3 0-1

[Event "11th Asia-ch - Manny Pacquiao Cup"]
[Site "Manila PHI"]
[Date "2013.05.24"]
[Round "7"]
[White "Sadorra, Julio Catalino"]
[Black "Li Chao"]
[Result "1/2-1/2"]
[WhiteElo "2561"]
[BlackElo "2686"]
[EventDate "2013.05.18"]
[PlyCount "83"]

1.d4 Nf6 2.c4 g6 3.Nc3 d5 4.cxd5 Nxd5 5.e4 Nxc3 6.bxc3 Bg7 7.Bg5 c5 8.Rc1 
Qa5 9.Qd2 h6 10.Be3 cxd4 11.cxd4 Qxd2+ 12.Kxd2 O-O 13.Nf3 Rd8 14.Rc7 Nc6 
15.Bb5 Nxd4 16.Nxd4 Bxd4 17.Bxd4 e5 18.Bd7 Bxd7 19.Bxe5 Bc6+ 20.Kc1 Re8 
21.f4 Rac8 22.Rd1 Rxc7 23.Bxc7 Rxe4 24.Be5 Kf8 25.g3 Ke7 26.Rd4 Re1+ 27.
Rd1 Re3 28.Bd4 Re4 29.Bxa7 Kf6 30.Rd4 Re6 31.g4 Bf3 32.h3 Ra6 33.Bc5 Rc6 
34.Rd6+ Rxd6 35.Bxd6 g5 36.Kd2 Bg2 37.Ke3 Bxh3 38.Kf3 b5 39.a3 Kg6 40.fxg5
Kxg5 41.Bf4+ Kg6 42.Bd2 1/2-1/2

[Event "11th Asia-ch - Manny Pacquiao Cup"]
[Site "Manila PHI"]
[Date "2013.05.24"]
[Round "7"]
[White "Adhiban, Baskaran"]
[Black "Paragua, Mark"]
[Result "1/2-1/2"]
[WhiteElo "2556"]
[BlackElo "2550"]
[EventDate "2013.05.18"]
[PlyCount "78"]

1.d4 Nf6 2.c4 g6 3.g3 c6 4.Bg2 d5 5.e3 Bg7 6.Ne2 O-O 7.O-O b6 8.b3 Ba6 9.
Nd2 Nbd7 10.Bb2 Rc8 11.Rc1 b5 12.c5 b4 13.a3 bxa3 14.Bxa3 e5 15.Bb2 exd4 
16.Bxd4 Qe7 17.b4 Rb8 18.Ra1 Bxe2 19.Qxe2 Rxb4 20.Qa6 Nxc5 21.Qxc6 Ne6 22.
Be5 Rd8 23.Nf3 Ne4 24.Bxg7 Kxg7 25.Qa6 Rb7 26.Qa5 Qc5 27.Qxc5 N6xc5 28.Nd4
Rd6 29.Ra5 Ra6 30.Rxa6 Nxa6 31.Ne2 Rb2 32.Nf4 Nb4 33.Nxd5 Nxd5 34.Bxe4 Nc3
35.Bd3 a5 36.Re1 Rb3 37.Ra1 a4 38.Bc2 g5 39.h4 gxh4 1/2-1/2

[Event "11th Asia-ch - Manny Pacquiao Cup"]
[Site "Manila PHI"]
[Date "2013.05.24"]
[Round "7"]
[White "Le Quang Liem"]
[Black "Arun Prasad, Subramanian"]
[Result "1/2-1/2"]
[WhiteElo "2714"]
[BlackElo "2521"]
[EventDate "2013.05.18"]
[PlyCount "132"]

1.Nf3 Nf6 2.c4 e6 3.g3 b6 4.Bg2 Bb7 5.O-O Be7 6.Nc3 c5 7.d4 cxd4 8.Qxd4 d6
9.Bg5 a6 10.Bxf6 Bxf6 11.Qf4 O-O 12.Rad1 Be7 13.Ne4 Bxe4 14.Qxe4 Ra7 15.
Nd4 Rd7 16.Rd2 Bf6 17.b3 Qc7 18.Rfd1 Rfd8 19.e3 Bxd4 20.Rxd4 Qc5 21.h4 a5 
22.R1d2 Na6 23.h5 h6 24.Bf3 Nc7 25.Qb1 Ne8 26.Rb2 Ra7 27.Kg2 Nf6 28.Qd1 
Rad7 29.Rc2 Rc7 30.Rcd2 Rcd7 31.R4d3 Kf8 32.Qh1 Ke7 33.Qh4 Qg5 34.Qd4 Qc5 
35.Qb2 Kf8 36.a3 Qe5 37.Qxe5 dxe5 38.Rxd7 Rxd7 39.Rc2 Rc7 40.Kf1 Ke7 41.
Ke1 Ne8 42.b4 axb4 43.axb4 f5 44.Kd2 Nd6 45.c5 bxc5 46.bxc5 Ne8 47.Rc4 Nf6
48.Kc3 Nd5+ 49.Kb3 e4 50.Bd1 Ra7 51.Kb2 Kd7 52.Ra4 Rb7+ 53.Bb3 Rb5 54.Ra8 
Rxc5 55.Rg8 Kd6 56.Rxg7 Rc7 57.Rg6 Rh7 58.Bxd5 Kxd5 59.Kc3 Ke5 60.Kd2 Rd7+
61.Ke2 Rh7 62.Kf1 Rh8 63.Kg2 Rh7 64.Kh3 Rh8 65.Rg7 Kf6 66.Rg6+ Ke5 1/2-1/2

[Event "11th Asia-ch - Manny Pacquiao Cup"]
[Site "Manila PHI"]
[Date "2013.05.24"]
[Round "7"]
[White "Gomez, John Paul"]
[Black "Dzhumaev, Marat"]
[Result "0-1"]
[WhiteElo "2511"]
[BlackElo "2549"]
[EventDate "2013.05.18"]
[PlyCount "106"]

1.d4 f5 2.c4 Nf6 3.Nc3 d6 4.Nf3 g6 5.g3 Bg7 6.Bg2 O-O 7.O-O Qe8 8.b3 Na6 
9.Bb2 c6 10.d5 Bd7 11.Nd4 Nc7 12.Qd2 c5 13.Nf3 b5 14.cxb5 Nxb5 15.Nxb5 Ne4
16.Qc2 Bxb5 17.Bxg7 Kxg7 18.Nd2 Nxd2 19.Qxd2 Qf7 20.f4 Qf6 21.Rfe1 Rfc8 
22.e4 fxe4 23.Rad1 Bd7 24.Rxe4 Bf5 25.Rc4 Rcb8 26.Qa5 Rb7 27.Re1 Bd3 28.
Rcc1 Qd4+ 29.Kh1 Qb4 30.Qxb4 cxb4 31.g4 a5 32.Re3 Bb5 33.Rce1 Raa7 34.g5 
Rc7 35.h4 Be8 36.Bf1 Kf8 37.h5 gxh5 38.f5 Rc3 39.Rxc3 bxc3 40.Kg2 Bd7 41.
Bd3 Rc7 42.Kf2 Rc5 43.Be4 h4 44.Re2 Bc8 45.Ke3 Bb7 46.Rh2 h3 47.Bc2 Rxd5 
48.Rxh3 Rd2 49.Bd3 d5 50.Rh4 Ba6 51.Rd4 Bxd3 52.Rxd3 d4+ 53.Ke4 c2 0-1

[Event "11th Asia-ch - Manny Pacquiao Cup"]
[Site "Manila PHI"]
[Date "2013.05.24"]
[Round "7"]
[White "Gopal, Geetha Narayanan"]
[Black "Sasikiran, Krishnan"]
[Result "0-1"]
[WhiteElo "2526"]
[BlackElo "2669"]
[EventDate "2013.05.18"]
[PlyCount "54"]

1.e4 g6 2.d4 Bg7 3.Nc3 d5 4.exd5 Nf6 5.Bc4 Nbd7 6.Nf3 Nb6 7.Bb3 a5 8.a4 
O-O 9.O-O Nbxd5 10.Nxd5 Nxd5 11.h3 b6 12.Re1 Bb7 13.Bg5 Re8 14.Bh4 Rb8 15.
c3 Ba8 16.Bc4 Qc8 17.Bg3 e6 18.Qe2 Ne7 19.Bh2 Nf5 20.Rad1 Nd6 21.Bd3 Qb7 
22.Bb1 Qd5 23.Bc2 Rbd8 24.b3 Qc6 25.Qd3 b5 26.axb5 Nxb5 27.Re3 e5 0-1